Normal view
MARC view
- ASM International.
Entry Corporate Name
001 - CONTROL NUMBER
- control field: 38230
003 - CONTROL NUMBER IDENTIFIER
- control field: OSt
005 - DATE AND TIME OF LATEST TRANSACTION
- control field: 20150713102718.0
008 - FIXED-LENGTH DATA ELEMENTS
- fixed length control field: 150713|| aca||aabn | a|a d
040 ## - CATALOGING SOURCE
- Original cataloging agency: OSt
110 2# - HEADING--CORPORATE NAME
- Corporate name or jurisdiction name as entry element: ASM International.
- Subordinate unit: Handbook Committee
410 2# - SEE FROM TRACING--CORPORATE NAME
- Corporate name or jurisdiction name as entry element: ASM International Handbook Committee
510 2# - SEE ALSO FROM TRACING--CORPORATE NAME
- Control subfield: a
- Corporate name or jurisdiction name as entry element: ASM Handbook Committee